000 00733nam a2200193Ia 4500
003 GCL
008 140319s9999 xx 000 0 ara d
040 _aGCL /
_cGCL
082 0 4 _a953.174927
_bم و
100 1 _aمركز دراسات الوحدة العربية
245 1 0 _aالوطن العربى النواة والامتدادات عبر التاريخ /
_cمركز دراسات الوحدة العربية
250 _aالاولى
260 _aالقاهرة :
_bمركز دراسات الوحدة العربية ،
_c2003
300 _a310 ص ؛
_c24 سم
650 0 4 _aالتاريخ الاسلامى
650 0 4 _aالاسلام - تاريخ
650 0 4 _aالعالم العربى - تاريخ
942 _2ddc
_cBK
999 _c5091
_d5091